000 00409nam a22001697a 4500
003 LK-CoDNM
005 20231129125454.0
008 231129b |||||||| |||| 00| 0 eng d
040 _aLK-CoDNM
_dLK-CoDNM
_eLK-CoDNM
041 _aeng
080 _a50D 8
100 _aNo author
245 _aConstitution And Rules
260 _aMatara
_bMatara Literary Union
_c1917
300 _a8p;12cm
942 _cBK
999 _c143813
_d143813